MARC

LEADER 00000nam0a2200000 4500
001 71636
005 20231101212608.0
035 |a (RuTPU)RU\TPU\book\76353 
090 |a 71636 
100 |a 20041222d2005 km y0rusy50 ca 
101 0 |a rus 
102 |a RU 
105 |a a i 000zy 
200 1 |a Малое предпринимательство Сибирского федерального округа  |e статистический сборник  |f Территориальный орган Федеральной службы государственной статистики по Омской области 
210 |a Омск  |c Госстатистика  |d 2005 
215 |a 143 с.  |c ил. 
610 1 |a экономика 
610 1 |a статистика 
610 1 |a Сибирь 
610 1 |a экономическая статистика 
610 1 |a предпринимательство 
610 1 |a малое предпринимательство 
610 1 |a индивидуальное предпринимательство 
610 1 |a Алтай 
610 1 |a Бурятия 
610 1 |a Тыва 
610 1 |a Красноярский край 
610 1 |a Иркутская область 
610 1 |a Кемеровская область 
610 1 |a Новосибирская область 
610 1 |a Омская область 
610 1 |a Томская область 
610 1 |a Читинская область 
686 |a У9(2Р5)-05  |v LBC/SL-A  |2 rubbk 
712 0 2 |a Территориальный орган Федеральной службы государственной статистики по Омской области  |2 stltpush  |3 (RuTPU)RU\TPU\col\7807  |9 24388 
801 1 |a RU  |b 63413507  |c 20041222  |g PSBO 
801 2 |a RU  |b 63413507  |c 20120709  |g PSBO 
942 |c BK 
959 |a 178/20041222  |d 1  |e 250  |f ЧЗСИО:1